000
00320nam a2200109Ia 4500
008
200302s9999 xx 000 0 und d
100
_a
Will Jones
245
_a
Unbuilt Masterworks of the 21st Century Inspiratioal Architecture for the Digital Age
260
_b
Thomson Learning, Inc.,
260
_c
2009
300
_a
399 P.,
999
_c
3132
_d
3132